Normal view
MARC view
- Excised Roots
Entry Topical Term
001 - CONTROL NUMBER
- control field: 5363
003 - CONTROL NUMBER IDENTIFIER
- control field: OSt
005 - DATE AND TIME OF LATEST TRANSACTION
- control field: 20230116145321.0
008 - FIXED-LENGTH DATA ELEMENTS
- fixed length control field: 230116|| aca||aabn | a|a d
040 ## - CATALOGING SOURCE
- Original cataloging agency: OSt
- Transcribing agency: OSt
150 ## - HEADING--TOPICAL TERM
- Topical term or geographic name as entry element: Excised Roots
670 ## - SOURCE DATA FOUND
- Source citation: Work cat.: (OSt)13: Guptha, U S . 5362, Physiological aspects of crop nutrition and resistance / , 1977.
